Database Management systems/ (Record no. 128)

MARC details
000 -LEADER
Fixed length control field 00604nam a2200217 4500
003 - CONTROL NUMBER IDENTIFIER
Control field SEACOMEC
005 - DATE AND TIME OF LATEST TRANSACTION
Control field 20241126132347.0
008 - FIXED-LENGTH DATA ELEMENTS--GENERAL INFORMATION
Fixed length control field 231006b |||||||| |||| 00| 0 eng d
020 ## - INTERNATIONAL STANDARD BOOK NUMBER / ISBN
Price $7.25
International Standard Book Number 978-0071231510
040 ## - CATALOGING SOURCE
Original cataloging agency SEACOMEC
082 ## - DEWEY DECIMAL CLASSIFICATION NUMBER
Classification number 005.74
Book Number R165
100 1# - MAIN ENTRY--PERSONAL NAME
Personal name Ramakrishnan, Raghu
245 1# - TITLE STATEMENT
Title Database Management systems/
Statement of responsibility Raghu Ramakrishnan and Johannes Gehrke
250 ## - EDITION STATEMENT
Edition statement 3rd ed.
260 ## - IMPRINT
Place of publication Boston
Name of publisher McGraw-Hill
Date of publication 2003
300 ## - PHYSICAL DESCRIPTION
Page / Vol. No 936 p
650 ## - SUBJECT ADDED ENTRY--TOPICAL TERM
Topical term Computer programming, programs, data
650 ## - SUBJECT ADDED ENTRY--TOPICAL TERM
Topical term Data files and databases
700 1# - ADDED ENTRY--PERSONAL NAME
Personal name Gehrke, Johannes
942 ## - ADDED ENTRY ELEMENTS (KOHA)
Koha item type Books
Holdings
Withdrawn status Lost status Source of classification Damaged status Not for loan Home library Current library Date acquired Total Checkouts Call number Accession number Date last seen Price effective from Koha item type Copy number Checked out Date checked out
    Dewey Decimal Classification     SEACOM ENGINEERING COLLEGE SEACOM ENGINEERING COLLEGE 05/04/2024   005.74 R165 4989 05/04/2024 05/04/2024 Books      
    Dewey Decimal Classification     SEACOM ENGINEERING COLLEGE SEACOM ENGINEERING COLLEGE 05/04/2024   005.74 R165 4990 05/04/2024 05/04/2024 Books 1    
    Dewey Decimal Classification     SEACOM ENGINEERING COLLEGE SEACOM ENGINEERING COLLEGE 05/04/2024   005.74 R165 4991 05/04/2024 05/04/2024 Books 2    
    Dewey Decimal Classification     SEACOM ENGINEERING COLLEGE SEACOM ENGINEERING COLLEGE 05/04/2024   005.74 R165 4992 05/04/2024 05/04/2024 Books 3    
    Dewey Decimal Classification     SEACOM ENGINEERING COLLEGE SEACOM ENGINEERING COLLEGE 05/04/2024   005.74 R165 4993 05/04/2024 05/04/2024 Books 4    
    Dewey Decimal Classification     SEACOM ENGINEERING COLLEGE SEACOM ENGINEERING COLLEGE 05/04/2024   005.74 R165 4994 05/04/2024 05/04/2024 Books 5    
    Dewey Decimal Classification     SEACOM ENGINEERING COLLEGE SEACOM ENGINEERING COLLEGE 05/04/2024 1 005.74 R165 4995 14/03/2026 05/04/2024 Books 6 28/03/2026 14/03/2026
    Dewey Decimal Classification     SEACOM ENGINEERING COLLEGE SEACOM ENGINEERING COLLEGE 05/04/2024   005.74 R165 4996 05/04/2024 05/04/2024 Books 7    
    Dewey Decimal Classification     SEACOM ENGINEERING COLLEGE SEACOM ENGINEERING COLLEGE 05/04/2024   005.74 R165 4997 05/04/2024 05/04/2024 Books 8    
    Dewey Decimal Classification     SEACOM ENGINEERING COLLEGE SEACOM ENGINEERING COLLEGE 05/04/2024   005.74 R165 4998 05/04/2024 05/04/2024 Books 9    
    Dewey Decimal Classification     SEACOM ENGINEERING COLLEGE SEACOM ENGINEERING COLLEGE 01/04/2008   005.74 R165 10577 26/11/2024 26/11/2024 Books 10    
    Dewey Decimal Classification     SEACOM ENGINEERING COLLEGE SEACOM ENGINEERING COLLEGE 01/04/2008   005.74 R165 10578 26/11/2024 26/11/2024 Books 11    
    Dewey Decimal Classification     SEACOM ENGINEERING COLLEGE SEACOM ENGINEERING COLLEGE 01/04/2008 1 005.74 R165 10579 02/04/2026 26/11/2024 Books 12 16/04/2026 02/04/2026
    Dewey Decimal Classification     SEACOM ENGINEERING COLLEGE SEACOM ENGINEERING COLLEGE 01/04/2008   005.74 R165 10580 26/11/2024 26/11/2024 Books 13    
    Dewey Decimal Classification     SEACOM ENGINEERING COLLEGE SEACOM ENGINEERING COLLEGE 01/04/2008   005.74 R165 10581 26/11/2024 26/11/2024 Books 14    
    Dewey Decimal Classification     SEACOM ENGINEERING COLLEGE SEACOM ENGINEERING COLLEGE 01/04/2008   005.74 R165 10582 26/11/2024 26/11/2024 Books 15    
    Dewey Decimal Classification     SEACOM ENGINEERING COLLEGE SEACOM ENGINEERING COLLEGE 11/11/2010   005.74 R165 17760 26/11/2024 26/11/2024 Books 16    
    Dewey Decimal Classification     SEACOM ENGINEERING COLLEGE SEACOM ENGINEERING COLLEGE 11/11/2010   005.74 R165 17761 26/11/2024 26/11/2024 Books 17    
    Dewey Decimal Classification     SEACOM ENGINEERING COLLEGE SEACOM ENGINEERING COLLEGE 11/11/2010   005.74 R165 17762 26/11/2024 26/11/2024 Books 18    
    Dewey Decimal Classification     SEACOM ENGINEERING COLLEGE SEACOM ENGINEERING COLLEGE 11/11/2010   005.74 R165 17763 26/11/2024 26/11/2024 Books 19    
    Dewey Decimal Classification     SEACOM ENGINEERING COLLEGE SEACOM ENGINEERING COLLEGE 11/11/2010   005.74 R165 17764 26/11/2024 26/11/2024 Books 20    
© Seacom Engineering College, All rights reserved.      Powered by Koha